عرض عادي عرض مارك
  • Burghard, Marko,

مدخل إسم شخص

عدد التسجيلات المستخدمة في: 1

001 - رقم الضبط

  • حقل الضبط: 18537

003 - معرف رقم الضبط

  • حقل الضبط: OSt

005 - تاريخ ووقت أخر عملية

  • حقل الضبط: 20121225233410.0

008 - عناصر بيانات ثابتة الطول

  • حقل تحكم ثابت الطول: 121225|||a|||||| | ||| d

040 ## - مصدر الفهرسة

  • هيئة الفهرسة الأصلية: OSt
  • وكالة الكتابة: OSt

100 ## - مدخل -- أسم شخص

  • إسم شخص: Burghard, Marko,
  • تواريخ مرتبطة بالاسم: 1967-

670 ## - بيانات المصدر موجوده

  • الاستشهاد بالمصدر: Work cat.: (OSt)0: Carbon nanotubes :, c2010.